00590nam a2200181Ia 450000500170000000800460001703700120006304000210007504100130009608400190010910000230012824500400015126000650019130000100025694200190026699900210028595201020030620250508161951.0008 250505s9999 xx 000 0 eng d aTextual aFEDL bengcFEDL aeng2eng a920, MAHqFEDL aMahajan Vidya Dhar 0aLeaders of the nationalist movement aNew Delhi, IndiabSterling Publishers Private Limited c1975 a311p. cTEXLh920, MAH c1373550d1373550 00104070aFEDLbFEDLd2025-05-08l0o920, MAHpEL0063473r2025-05-08 16:19:51w2025-05-08yTEXL